| 000 | 00561nam a22001697a 4500 | ||
|---|---|---|---|
| 003 | NUST | ||
| 038 | _aNusrat Nadeem | ||
| 082 | _a200 | ||
| 100 |
_aChaudhry, Alina Majeed _9124459 |
||
| 245 |
_aDevelopment of Robust and Efficient Image Enhancement Techniques/ _c Alina Majeed Chaudhry, |
||
| 264 |
_aRawalpindi; _bMCS NUST; _c2021. |
||
| 300 |
_a104,p; _bill; _c30,cm. |
||
| 650 |
_aPh.D-Electrical Engineering _9124451 |
||
| 700 |
_aSupervisor:Dr. Abdul Ghafoor _9119876 |
||
| 856 | _u http://10.250.8.41:8080/xmlui/handle/123456789/25989 | ||
| 942 |
_2ddc _cSC |
||
| 999 |
_c610315 _d610315 |
||